000 00967nam a2200313 a 4500
001 000010911
003 DO-SdBPM
005 20250813140139.0
007 ta
008 091013s2000 dr a r 001 p spa d
020 _a9993450049
040 _aDO-SdBPM
_bspa
_cBPMSU
_drda
082 4 _aRD861.5
_bV335c 2000
_222
100 1 _a Vasquez, Anelsa
_eautora
245 1 0 _aCriaturas de luz /
_cAnelsa Vásquez.
250 _a5a. ed.
264 _aSanto Domingo :
_bEditora Taller,
_c2000.
300 _a159 páginas :
_bilustraciones ;
_c23 cm.
336 _atexto
_btxt
_2rdacontent
337 _asin mediación
_bn
_2rdamedia
338 _avolumen
_bnc
_2rdacarrier
500 _aIncluye datos biográficos de la autora en la solapa de la cubierta.
590 _aInventariado, 2025/VM
650 7 _aPoesía dominicana
650 7 _aLiteratura dominicana.
650 z _aDominican literature
910 _aVMateo V. Control de calidad. BPMSU
942 _2ddc
_cBK
999 _c15339
_d15339